| 000 | 00788nam a2200205Ii 4500 | ||
|---|---|---|---|
| 003 | JO-AjNU | ||
| 008 | 230605s9999||||xx |||||||||||||| ||und|| | ||
| 040 |
_aJO-AjNU _bara _erda _cJO-AjNU |
||
| 041 | _aara | ||
| 050 | 1 | 4 | _aDS225.2007 |
| 100 | 3 |
_aتاليف السرهيد، عارف محمد مفلح, _eauthor _911296 |
|
| 245 | 0 | 0 | _aالمجمع الملكي لبحوث الحضارة الاسلامية(مؤسسة ال البيت) نشأتة، أهدافة، نشاطاتة |
| 250 | _aط1(الطبعة العربية ) | ||
| 264 | 3 | 1 | _aعمان: مركز الكتاب الاكاديمي، 2007 |
| 300 | _a213ص | ||
| 336 |
_atext _btxt _2rdacontent |
||
| 337 |
_aunmediated _bn _2rdamedia |
||
| 338 |
_avolume _bnc _2rdacarrier |
||
| 650 | 4 |
_aالحضارة الاسلامية _911297 |
|
| 999 |
_aA2250 _c5818 _d5818 |
||